LEADER 05034nam 22007335 450 001 9910799224103321 005 20251008165030.0 010 $a9789819971923 010 $a9819971926 024 7 $a10.1007/978-981-99-7192-3 035 $a(MiAaPQ)EBC31038195 035 $a(Au-PeEL)EBL31038195 035 $a(DE-He213)978-981-99-7192-3 035 $a(CKB)29451471500041 035 $a(OCoLC)1416189210 035 $a(EXLCZ)9929451471500041 100 $a20231223d2023 u| 0 101 0 $aeng 135 $aurcnu|||||||| 181 $ctxt$2rdacontent 182 $cc$2rdamedia 183 $acr$2rdacarrier 200 10$aPlanning for Urban Country $eTaking First Nations Values into Future Urban Designs /$fby David S. Jones 205 $a1st ed. 2023. 210 1$aSingapore :$cSpringer Nature Singapore :$cImprint: Palgrave Macmillan,$d2023. 215 $a1 online resource (322 pages) 225 0 $aSocial Sciences Series 311 08$aPrint version: Jones, David S. Planning for Urban Country Singapore : Springer Singapore Pte. Limited,c2024 9789819971916 327 $a1. Planning for Country -- 2. Designing with Country -- 3. Aboriginal Heritage and Place -- 4. Speaking Djilang: Past Present Future -- 5. Saving Mt Anakie / Anakie Youang -- 6. The Djilang Incubator -- 7. Geelong Arts Centre Project -- 8. Barwon Heads Road Duplication Project -- 9. Coriayo Submerged Landscape -- 10. Avalon Corridor -- 11. Armstrong Creek Library -- 12. Distinctive Area & Landscapes -- 13. Conclusion: Envisaging a First Nations Cityscape. 330 $a?What should true community engagement look like? We know it needs to involve a cooperative approach that leads to an outcome that reflects the values of the parties involved. This challenge becomes particularly pertinent when the values in question are those of First Nations Peoples. David Jones? timely book demonstrates alternative ways to engage First Nations Peoples, specifically Traditional Owners, in conventional planning and design processes. It offers a way forward based on the solid foundations of long held and tested First Nations? cultural values. This ground-breaking book should be a bible for all professionals who have, are, or intend to, work in the landscape architecture, architecture, urban design, construction, and planning fields. It is also a ?must read? for all the decision makers responsible for our urban environments.? ? Emeritus Professor Darryl Low Choy, School of Environment & Science, Griffith University, Australia Planning for Urban Country addresses a major gap in knowledge about the translation of Aboriginal values and Country Plans into Australia?s built environment contexts. How do you ?heal? Country if it has been devastated by concrete and bitumen, excavations and bulldozing, weeds and introduced plants and animals, and surface, aerial and underground contaminants? How then do Aboriginal values and Country Plan aspirations address urban environments? In this book, David Jones explores the major First Nations-informed design and planning transformations in Djilang / Greater Geelong since 2020. Included are short-interlinked essays about the political and cultural context, profiles of key exemplar architectural, landscape and corridor projects, a deep explanation of the legislative, policy and statutory precedents, opportunities and environment that has enabled these opportunities, and the how Wadawurrung past-present-future values have been scaffolded into these changes. Dr David S.Jones is Professor (Research) at Monash University, Adjunct Professor at the University of Canberra, and Adjunct Associate Professor at Griffith University, Australia. With academic and professional qualifications in urban planning, landscape architecture and cultural heritage, he has taught, researched and published extensively across these areas over the last 30 years, including in Indigenous Knowledge Systems. 606 $aHuman geography 606 $aCultural property 606 $aUrban policy 606 $aLandscape architecture 606 $aArchitecture 606 $aArchaeology 606 $aHuman Geography 606 $aCultural Heritage 606 $aUrban Policy 606 $aLandscape Architecture 606 $aArchitecture 606 $aArchaeology and Heritage 615 0$aHuman geography. 615 0$aCultural property. 615 0$aUrban policy. 615 0$aLandscape architecture. 615 0$aArchitecture. 615 0$aArchaeology. 615 14$aHuman Geography. 615 24$aCultural Heritage. 615 24$aUrban Policy. 615 24$aLandscape Architecture. 615 24$aArchitecture. 615 24$aArchaeology and Heritage. 676 $a307.12160994 700 $aJones$b David S$0196542 801 0$bMiAaPQ 801 1$bMiAaPQ 801 2$bMiAaPQ 801 2$bNUWS:W 906 $aBOOK 912 $a9910799224103321 996 $aPlanning for Urban Country$93872358 997 $aUNINA